| 000 | 003390000a22000970004500 | ||
|---|---|---|---|
| 100 | 1 | _aCaballero, Antonio (1945- ) | |
| 245 | 1 | 0 | _aLos verdaderos jefes de la DEA : La DEA está vendida a los narcos, que son los únicos a quienes esta guerra interesa |
| 300 | _aVol. 57, Num. 57 (Julio, 1994), Página 82 | ||
| 773 | 0 | _tCambio 16 | |
| 942 | _cANA | ||
| 999 |
_c58557 _d58557 |
||